<?xml version="1.0" encoding="UTF-8"?>
<record
    xmlns:xsi="http://www.w3.org/2001/XMLSchema-instance"
    xsi:schemaLocation="http://www.loc.gov/MARC21/slim http://www.loc.gov/standards/marcxml/schema/MARC21slim.xsd"
    xmlns="http://www.loc.gov/MARC21/slim">

  <leader>00667nam a22001937a 4500</leader>
  <datafield tag="999" ind1=" " ind2=" ">
    <subfield code="c">182936</subfield>
    <subfield code="d">182936</subfield>
  </datafield>
  <controlfield tag="005">20211210135041.0</controlfield>
  <datafield tag="010" ind1=" " ind2=" ">
    <subfield code="a">UR-11366</subfield>
  </datafield>
  <datafield tag="020" ind1=" " ind2=" ">
    <subfield code="c">168.00</subfield>
    <subfield code="a">-</subfield>
  </datafield>
  <datafield tag="035" ind1=" " ind2=" ">
    <subfield code="a">U-9921</subfield>
  </datafield>
  <datafield tag="037" ind1=" " ind2=" ">
    <subfield code="b">DBAD/PUB</subfield>
  </datafield>
  <datafield tag="082" ind1=" " ind2=" ">
    <subfield code="a">844</subfield>
  </datafield>
  <datafield tag="100" ind1=" " ind2=" ">
    <subfield code="a">&#x645;&#x62D;&#x645;&#x62F; &#x628;&#x6C1;&#x627; &#x624; &#x627; &#x644;&#x62F; &#x64A;&#x646; </subfield>
  </datafield>
  <datafield tag="245" ind1=" " ind2=" ">
    <subfield code="a">&#x641;&#x6A9;&#x631; &#x627; &#x645;&#x631; &#x648; &#x632; (&#x645;&#x646;&#x62A;&#x62E;&#x628; &#x645;&#x636;&#x627; &#x645;&#x64A;&#x646; &#x6A9;&#x627; &#x645;&#x62C;&#x645;&#x648; &#x639;&#x6C1; )</subfield>
    <subfield code="c">&#x645;&#x62D;&#x645;&#x62F; &#x628;&#x6C1;&#x627; &#x624; &#x627; &#x644;&#x62F; &#x64A;&#x646; </subfield>
  </datafield>
  <datafield tag="246" ind1=" " ind2=" ">
    <subfield code="a">Fikr-e-Imroz (Urdu)</subfield>
    <subfield code="b">by Mohd.Bahauddin </subfield>
  </datafield>
  <datafield tag="260" ind1=" " ind2=" ">
    <subfield code="a">Maharashtra</subfield>
    <subfield code="c">2020 &#x621;</subfield>
    <subfield code="b">Nanded Urdu Acedemy </subfield>
  </datafield>
  <datafield tag="270" ind1=" " ind2=" ">
    <subfield code="a">1-12-3,M.B.Plaza,Airport Road, Chatniya Nagar,</subfield>
    <subfield code="b">Nanded  </subfield>
    <subfield code="e">431605</subfield>
    <subfield code="l"> -</subfield>
  </datafield>
  <datafield tag="300" ind1=" " ind2=" ">
    <subfield code="a">279 &#x635; </subfield>
    <subfield code="c">22 Cm(Hb)</subfield>
  </datafield>
  <datafield tag="942" ind1=" " ind2=" ">
    <subfield code="2">ddc</subfield>
    <subfield code="c">UR</subfield>
    <subfield code="h">844</subfield>
    <subfield code="m">&#x645; &#x62D; &#x645;</subfield>
  </datafield>
  <datafield tag="952" ind1=" " ind2=" ">
    <subfield code="0">0</subfield>
    <subfield code="1">0</subfield>
    <subfield code="4">0</subfield>
    <subfield code="7">1</subfield>
    <subfield code="8">NFIC</subfield>
    <subfield code="a">DBAD</subfield>
    <subfield code="b">L</subfield>
    <subfield code="d">2021-12-10</subfield>
    <subfield code="e">DBAD/PUB</subfield>
    <subfield code="g">168.00</subfield>
    <subfield code="l">0</subfield>
    <subfield code="o">844 &#x645; &#x62D; &#x645;</subfield>
    <subfield code="p">U-9921</subfield>
    <subfield code="r">2021-12-10 00:00:00</subfield>
    <subfield code="t">1</subfield>
    <subfield code="v">168.00</subfield>
    <subfield code="w">2021-12-10</subfield>
    <subfield code="y">UR</subfield>
  </datafield>
</record>
